1623 1767 1760 1538 1769 1020 1618 1329 1303 1726 1628 1075 1031 1365 1605 1361 1911 1054 1273 1291 1588 1806 1973 1898 1280 1750 1183 1752 1953 1632 1169 1786 1120 1750 1432 1436 1354 1225 1377 1602 1746 1566 1177 1144 1435 1687 1770 1685 1313 1283 1476 1766 1963 1156 1113 1998 1110 1789 1882 1417 1710 1922 1578 1369 1040 1637 1373 1347 1394 1675 1262 1366 1236 1661 1087 1435 1183 1275 1962 1652 1297 1519 1692 1004 1369 1593 1352 1004 1112 1706 1743 1997 1496 1687 1916 1460 1628 1883 1846 BCNSPRNW ULIB Ver.6.0+V

เปลี่ยนเป็นภาษาไทย

Change to English
 แสดงรายละเอียดบรรณานุกรม
  กลับหน้าหลัก

Brief Record : Get Marc (ISO 2709) : E-mail record : QR code < ปิดหน้าต่าง
LEADER : 00000nam 2200000uu 4500
001    13399108920
003     ULIB
008    110316s2551||||th 000 0 tha d
020    9789744514233
060 04 W740^bร123ต 2551
100 0  รณชัย คงสกนธ์
245 10 ตำรานิติจิตเวชศาสตร์ =^bForensic Psychiatry /^cรณชัยคงสกนธ์
246 31 Forensic Psychiatry
250    พิมพ์ครั้งที่ 2
260    กรุงเทพฯ :^bภาควิชาจิตเวชศาสตร์คณะแพทยศาสตร์โรงพยาบาลรามาธิบดี มหาวิทยาลัยมหิดล,^c2551
300    [22], 410 หน้า :^bภาพประกอบ ;^c31 ซม.
650  2 Forensic Psychiatry
650  7 นิติจิตเวชศาสตร์
650  7 นิติจิตเวช
650  7 ความผิดปกติทางจิตเวช^xการรักษา
650  7 กฎหมาย^xแง่จิตวิทยา
650  7 คดี
710 2  มหาวิทยาลัยมหิดล. ^bคณะแพทยศาสตร์โรงพยาบาลรามาธิบดี.^bภาควิชาจิตเวชศาสตร์
945    ^p540^l0^i024718
945    ^p540^l0^i024719
995    ทศพร
999 ^a ใช้งานได้ทุกระบบ
รายการนี้ยังไม่มีแท็ก
คุณยังไม่ได้ล็อกอิน คุณสามารถมีกิจกรรมร่วมกับเว็บไซต์ได้ แต่ต้องล็อกอินก่อน ::
  ล็อกอิน

รายการสื่อสารสนเทศ

ลำดับที่ ประเภท เลขเรียก/บาร์โค้ด สถานที่ สถานะ
- ไม่พบข้อมูล -

รายการใกล้เคียง
    ผู้แต่ง [รณชัย คงสกนธ์]

    หัวเรื่อง [Forensic Psychiatry]
    หัวเรื่อง [นิติจิตเวชศาสตร์]
    หัวเรื่อง [นิติจิตเวช]
    หัวเรื่อง [คดี]

BibComment


ยังไม่เคยถูกคอมเมนท์

คอมเมนท์ทรัพยากรรายการนี้
  คอมเมนท์: ตำรานิติจิตเวชศาส..


 Copyright 2026. Bcnsprnw @Library